| 000 | 00440nam a2200181Ia 4500 | ||
|---|---|---|---|
| 005 | 20250603144618.0 | ||
| 008 | 250603s9999 xx 000 0 und d | ||
| 020 | _a9780071317658 | ||
| 050 | _aKN 250.M2/ | ||
| 245 | 0 | _aBusiness law : the ethical, global, and e-commerce environment | |
| 250 | _a15th ed. | ||
| 260 | _aNew York | ||
| 260 | _bMcGraw- Hill | ||
| 260 | _c2013 | ||
| 300 | _a1417 p | ||
| 650 | _aNew York | ||
| 942 | _cBK | ||
| 999 |
_c39434 _d39434 |
||